Resumen de veterinaria práctica / (Record no. 29501)

MARC details
000 -LEADER
campo de control de longitud fija 00475nam a2200157 i 4500
001 - NÚMERO DE CONTROL
campo de control 29501
003 - IDENTIFICADOR DE NÚMERO DE CONTROL
campo de control ES-MaACL
005 - FECHA Y HORA DE LA ÚLTIMA TRANSACCIÓN
campo de control 20230906154038.0
007 - CAMPO FIJO DE DESCRIPCIÓN FÍSICA--INFORMACIÓN GENERAL
campo de control de longitud fija t|
008 - DATOS DE LONGITUD FIJA--INFORMACIÓN GENERAL
campo de control de longitud fija 030122s1925 sp ||||1| spa d
100 1# - ENTRADA PRINCIPAL--NOMBRE DE PERSONA
Nombre de persona Barceló y Martí, José.
9 (RLIN) 25528
245 10 - MENCIÓN DEL TÍTULO
Título Resumen de veterinaria práctica /
Mención de responsabilidad, etc. por José Barceló y Martí.
260 ## - PUBLICACIÓN, DISTRIBUCIÓN, ETC.
Lugar de publicación, distribución, etc. Barcelona :
Nombre del editor, distribuidor, etc. [s.n.,
Fecha de publicación, distribución, etc. 1925] (
Fabricante Tip. La Académica)
300 ## - DESCRIPCIÓN FÍSICA
Extensión 723 p. :
Otras características físicas il. ;
Dimensiones 16 cm.
852 ## - LOCALIZACIÓN
Ubicación ES-MaACL
Número de control de estantería E-1219
Sublocalización o colección R.26750
Holdings
Estatus retirado Estado de pérdida Estado de daño No para préstamo Biblioteca de origen Biblioteca actual Ubicación en estantería Fecha de adquisición Fuente de adquisición Total de préstamos Signatura topográfica completa Código de barras Visto por última vez Precio de reemplazo Tipo de ítem Koha
        Biblioteca del Ateneo de Madrid Biblioteca del Ateneo de Madrid Depósito 2 17/01/2008     E-1219 1030457 23/02/2023 23/02/2023 Libro impreso